[Event "LK jeugd t/m 14 jaar"]
[Site "Buggenum"]
[Date "2007.12.28"]
[Round "1"]
[White "Bokern, Paul"]
[Black "Bokern, Peter"]
[Result "1-0"]
[WhiteElo "1286"]
[BlackElo "1085"]
[PlyCount "79"]
[EventDate "2007.12.28"]
[EventType "tourn"]
[EventRounds "9"]
[EventCountry "NED"]
[Source "P.Boonen"]
[SourceDate "2015.01.01"]

1. e4 c5 2. Nf3 d6 3. d4 cxd4 4. Nxd4 Nf6 5. Nc3 g6 6. Be3 Bg7 7. f3 O-O 8. Qd2
Nc6 9. Bc4 Bd7 10. h4 Rc8 11. O-O-O Ne5 12. Bb3 Nc4 13. Bxc4 Rxc4 14. g4 Rxc3
15. Qxc3 Nxe4 16. fxe4 Bxg4 17. Rdg1 Bf3 18. Rh3 Bxe4 19. Qd2 Re8 20. Bh6 Qd7
21. Rh2 Be5 22. Re2 Bc6 23. Nxc6 Qxc6 24. Rxe5 dxe5 25. Qc3 Qxc3 26. bxc3 Rc8
27. Rd1 f5 28. Rd7 Kf7 29. Rxb7 Rxc3 30. Rxa7 Rh3 31. Bg5 Ke6 32. Rxe7+ Kd5 33.
c4+ Kd4 34. c5 Rc3+ 35. Kd2 Rxc5 36. Be3+ Ke4 37. Bxc5 f4 38. a4 Kd5 39. Bg1
Kc6 40. Rxe5 1-0

[Event "LK jeugd t/m 14 jaar"]
[Site "Buggenum"]
[Date "2007.12.28"]
[Round "1"]
[White "Boroday, Vladislav"]
[Black "Suilen, Willem"]
[Result "0-1"]
[WhiteElo "860"]
[BlackElo "1402"]
[PlyCount "72"]
[EventDate "2007.12.28"]
[EventType "tourn"]
[EventRounds "9"]
[EventCountry "NED"]
[Source "P.Boonen"]
[SourceDate "2015.01.01"]

1. Nf3 Nc6 2. e4 e5 3. Bd3 Nf6 4. O-O Be7 5. Nc3 O-O 6. b3 d6 7. a4 Bg4 8. Ba3
Nd4 9. Be2 Nxe2+ 10. Qxe2 Qd7 11. Rad1 c5 12. Qd3 b6 13. Rde1 Rfd8 14. Ng5 h6
15. Nxf7 Kxf7 16. Nd5 Nxd5 17. exd5 Bf6 18. Re3 Bf5 19. Qe2 Bxc2 20. Rg3 Bg6
21. Rg4 Bh5 22. Rxg7+ Kxg7 23. Qxh5 Qf7 24. Qg4+ Qg6 25. Qe6 Bg5 26. Qg4 Bxd2
27. Qh4 Qg5 28. Qe4 Qf4 29. Qe2 Bc3 30. Bc1 Qf6 31. Qe3 Bd4 32. Qg3+ Kh7 33.
Qd3+ Qg6 34. Qa6 Rg8 35. Qb7+ Rg7 36. Qxa8 Qxg2# 0-1

[Event "LK jeugd t/m 14 jaar"]
[Site "Buggenum"]
[Date "2007.12.28"]
[Round "1"]
[White "Claessen, Remco"]
[Black "Broens, Yorick"]
[Result "1-0"]
[WhiteElo "1345"]
[BlackElo "1042"]
[PlyCount "71"]
[EventDate "2007.12.28"]
[EventType "tourn"]
[EventRounds "9"]
[EventCountry "NED"]
[Source "P.Boonen"]
[SourceDate "2015.01.01"]

1. e4 e6 2. Nc3 Nc6 3. Nf3 Nf6 4. d4 Qe7 5. Bg5 d5 6. e5 Bd7 7. exf6 gxf6 8.
Bh4 e5 9. dxe5 Nxe5 10. Be2 O-O-O 11. Nxd5 Nxf3+ 12. gxf3 Qe5 13. Bxf6 Qxb2 14.
Bxb2 Rg8 15. Bf6 Re8 16. Bd4 Bh6 17. Nf6 Rxe2+ 18. Qxe2 Rg6 19. Qd1 Bg7 20.
Nxd7 Re6+ 21. Kf1 Bxd4 22. Qxd4 Rd6 23. Qg4 Rxd7 24. Qg8+ Rd8 25. Qxf7 h6 26.
Kg2 h5 27. Qf5+ Kb8 28. Rhd1 Rg8+ 29. Kf1 a6 30. Qf6 h4 31. Rd2 h3 32. Rad1 Rg2
33. Qf8+ Ka7 34. Qc5+ b6 35. Qxc7+ Ka8 36. Rd8# 1-0

[Event "LK jeugd t/m 14 jaar"]
[Site "Buggenum"]
[Date "2007.12.28"]
[Round "2"]
[White "Bokern, Peter"]
[Black "Boroday, Vladislav"]
[Result "1-0"]
[WhiteElo "1085"]
[BlackElo "860"]
[PlyCount "41"]
[EventDate "2007.12.28"]
[EventType "tourn"]
[EventRounds "9"]
[EventCountry "NED"]
[Source "P.Boonen"]
[SourceDate "2015.01.01"]

1. e4 Nc6 2. Nf3 d5 3. exd5 Qxd5 4. Nc3 Qd8 5. Bc4 Nf6 6. O-O e6 7. d3 Bc5 8.
Re1 Ng4 9. Ne4 O-O 10. Nxc5 Qd6 11. Ne4 Nd4 12. Nxd6 Nc6 13. Ne4 e5 14. d4 exd4
15. Nxd4 Rd8 16. c3 Nge5 17. Bb3 Rb8 18. Bf4 Ng4 19. Nc5 b6 20. Bxc7 Rxd4 21.
Re8# 1-0

[Event "LK jeugd t/m 14 jaar"]
[Site "Buggenum"]
[Date "2007.12.28"]
[Round "2"]
[White "Broens, Yorick"]
[Black "Kivits, Thijs"]
[Result "1-0"]
[WhiteElo "1042"]
[BlackElo "614"]
[PlyCount "25"]
[EventDate "2007.12.28"]
[EventType "tourn"]
[EventRounds "9"]
[EventCountry "NED"]
[Source "P.Boonen"]
[SourceDate "2015.01.01"]

1. e4 e5 2. Nf3 Nc6 3. Nc3 Nf6 4. d4 d5 5. dxe5 Nxe5 6. Nxe5 d4 7. Nb5 Bb4+ 8.
Bd2 Bc5 9. Bc4 Bd7 10. Nxf7 Qe7 11. e5 Ne4 12. Qf3 Rf8 13. Nxc7# 1-0

[Event "LK jeugd t/m 14 jaar"]
[Site "Buggenum"]
[Date "2007.12.28"]
[Round "2"]
[White "Huisman, Brett"]
[Black "Bokern, Paul"]
[Result "0-1"]
[WhiteElo "612"]
[BlackElo "1286"]
[PlyCount "68"]
[EventDate "2007.12.28"]
[EventType "tourn"]
[EventRounds "9"]
[EventCountry "NED"]
[Source "P.Boonen"]
[SourceDate "2015.01.01"]

1. e4 c5 2. Nf3 d6 3. Nc3 Nf6 4. d3 g6 5. Bg5 Bg7 6. Nd5 e6 7. Qe2 exd5 8. Bxf6
Qxf6 9. exd5+ Qe7 10. O-O-O Qxe2 11. Bxe2 O-O 12. Rhe1 Bf5 13. Nh4 Nd7 14. Nxf5
gxf5 15. d4 cxd4 16. Rxd4 Bxd4 17. Bb5 Nb6 18. Rd1 Bxf2 19. g3 a6 20. Bf1 Rae8
21. Rd2 Be3 22. b3 Bxd2+ 23. Kxd2 Nxd5 24. Bg2 Re5 25. c4 Rfe8 26. Bf1 Nb4 27.
a3 Na2 28. Kd3 Re3+ 29. Kd4 R8e5 30. Bg2 Nc1 31. c5 Nxb3+ 32. Kc4 Rxc5+ 33. Kb4
d5 34. Ka4 b5+ 0-1

[Event "LK jeugd t/m 14 jaar"]
[Site "Buggenum"]
[Date "2007.12.28"]
[Round "2"]
[White "Suilen, Willem"]
[Black "Claessen, Remco"]
[Result "1-0"]
[WhiteElo "1402"]
[BlackElo "1345"]
[PlyCount "63"]
[EventDate "2007.12.28"]
[EventType "tourn"]
[EventRounds "9"]
[EventCountry "NED"]
[Source "P.Boonen"]
[SourceDate "2015.01.01"]

1. e4 e5 2. Nf3 Nc6 3. Bb5 Bc5 4. O-O d6 5. c3 Bd7 6. d4 exd4 7. cxd4 Bb6 8. b3
a6 9. Bc4 Qf6 10. e5 dxe5 11. dxe5 Qe7 12. Bg5 Qc5 13. Nc3 f6 14. exf6 gxf6 15.
Be3 Qb4 16. Nd5 Qd6 17. Nxb6 Qxd1 18. Raxd1 cxb6 19. Bxb6 Ne5 20. Nxe5 fxe5 21.
f4 Ne7 22. fxe5 h5 23. Bf7+ Kf8 24. Rxd7 Nc6 25. Rxb7 Nxe5 26. Bc5+ Kg7 27. Bd4
Rhd8 28. Bxe5+ Kf8 29. Be6+ Ke8 30. Bg7 Rd7 31. Rxd7 Rb8 32. Rf8# 1-0

[Event "LK jeugd t/m 14 jaar"]
[Site "Buggenum"]
[Date "2007.12.28"]
[Round "3"]
[White "Boroday, Vladislav"]
[Black "Huisman, Brett"]
[Result "1-0"]
[WhiteElo "860"]
[BlackElo "612"]
[PlyCount "33"]
[EventDate "2007.12.28"]
[EventType "tourn"]
[EventRounds "9"]
[EventCountry "NED"]
[Source "P.Boonen"]
[SourceDate "2015.01.01"]

1. e4 e5 2. Nf3 Nc6 3. Bc4 Nf6 4. Nc3 Bc5 5. O-O O-O 6. d3 d6 7. Bb5 Nd4 8.
Nxd4 Bxd4 9. Nd5 Bg4 10. Qd2 Be6 11. Qg5 g6 12. Nxf6+ Kh8 13. Qh4 h5 14. Qg5
Kg7 15. Nxh5+ Kh7 16. Qh6+ Kg8 17. Qg7# 1-0

[Event "LK jeugd t/m 14 jaar"]
[Site "Buggenum"]
[Date "2007.12.28"]
[Round "3"]
[White "Claessen, Remco"]
[Black "Bokern, Peter"]
[Result "1-0"]
[WhiteElo "1345"]
[BlackElo "1085"]
[PlyCount "43"]
[EventDate "2007.12.28"]
[EventType "tourn"]
[EventRounds "9"]
[EventCountry "NED"]
[Source "P.Boonen"]
[SourceDate "2015.01.01"]

1. e4 c5 2. Nf3 d6 3. Bc4 Nf6 4. Ng5 e6 5. Nc3 g6 6. d4 cxd4 7. Qxd4 Bg7 8. Qd3
O-O 9. Bf4 e5 10. Be3 a6 11. Rd1 Qc7 12. Bb3 Rd8 13. Nxf7 Rd7 14. Nxe5+ Kh8 15.
Nxd7 Nbxd7 16. Qxd6 Qxd6 17. Rxd6 b5 18. O-O b4 19. Na4 Nxe4 20. Rd5 Ndf6 21.
Rd8+ Ng8 22. Rxg8# 1-0

[Event "LK jeugd t/m 14 jaar"]
[Site "Buggenum"]
[Date "2007.12.28"]
[Round "3"]
[White "Kivits, Thijs"]
[Black "Suilen, Willem"]
[Result "0-1"]
[WhiteElo "614"]
[BlackElo "1402"]
[PlyCount "58"]
[EventDate "2007.12.28"]
[EventType "tourn"]
[EventRounds "9"]
[EventCountry "NED"]
[Source "P.Boonen"]
[SourceDate "2015.01.01"]

1. e4 e5 2. Nf3 Nc6 3. Nc3 Nf6 4. Bb5 d6 5. d3 Bd7 6. Bg5 Be7 7. O-O O-O 8. Re1
a6 9. Ba4 Bg4 10. Nd5 Nxd5 11. exd5 Nd4 12. Qd2 Bxf3 13. gxf3 Nxf3+ 14. Kf1
Nxd2+ 15. Bxd2 Bg5 16. Bb4 b5 17. Bb3 a5 18. Bd2 Bxd2 19. Red1 a4 20. Bxa4 Rxa4
21. Rxd2 Qg5 22. Rad1 Rxa2 23. d4 Rfa8 24. dxe5 Qxe5 25. Rd4 Ra1 26. Kg2 Rxd1
27. Rxd1 Ra4 28. Kf3 Qe4+ 29. Kg3 Qg4# 0-1

[Event "LK jeugd t/m 14 jaar"]
[Site "Buggenum"]
[Date "2007.12.28"]
[Round "3"]
[White "Leyten, Solange"]
[Black "Broens, Yorick"]
[Result "1-0"]
[WhiteElo "640"]
[BlackElo "1042"]
[PlyCount "55"]
[EventDate "2007.12.28"]
[EventType "tourn"]
[EventRounds "9"]
[EventCountry "NED"]
[Source "P.Boonen"]
[SourceDate "2015.01.01"]

1. d4 e6 2. Nf3 Nf6 3. Bg5 Be7 4. e3 Nc6 5. Bb5 O-O 6. Nc3 a6 7. Bc4 d5 8. Bd3
h6 9. Bxf6 Bxf6 10. h4 e5 11. g4 e4 12. g5 Bg4 13. Be2 exf3 14. Bd3 Bxg5 15.
hxg5 Qxg5 16. Qd2 Qe7 17. O-O-O Nb4 18. Rdg1 Be6 19. a3 a5 20. Nb5 c6 21. axb4
cxb5 22. Bf1 axb4 23. b3 Qd6 24. Qd3 Qa6 25. Rxh6 g6 26. Rhxg6+ fxg6 27. Qxg6+
Kh8 28. Qg7# 1-0

[Event "LK jeugd t/m 14 jaar"]
[Site "Buggenum"]
[Date "2007.12.29"]
[Round "4"]
[White "Bokern, Peter"]
[Black "Kivits, Thijs"]
[Result "1-0"]
[WhiteElo "1085"]
[BlackElo "614"]
[PlyCount "85"]
[EventDate "2007.12.28"]
[EventType "tourn"]
[EventRounds "9"]
[EventCountry "NED"]
[Source "P.Boonen"]
[SourceDate "2015.01.01"]

1. e4 e5 2. Nf3 Nc6 3. Bc4 Bc5 4. c3 Nf6 5. d4 exd4 6. cxd4 Bb4+ 7. Nc3 d6 8.
Bg5 Bg4 9. Bxf6 gxf6 10. O-O Qd7 11. Nd5 O-O-O 12. Nxf6 Qe7 13. Nxg4 Rhg8 14.
Nd2 Qg5 15. Bxf7 Rg7 16. Be6+ Kb8 17. Nf3 a6 18. Nxg5 Rxg5 19. f4 Rg6 20. f5
Rg5 21. f6 Rf8 22. f7 Ba5 23. Rf6 Ne7 24. Qa4 c6 25. Qxa5 Rxa5 26. Rh6 Ra4 27.
Rd1 c5 28. Rxh7 cxd4 29. Nf6 d3 30. Nd7+ Ka7 31. Nxf8 Nc6 32. Nd7 Rxe4 33. f8=Q
Rxe6 34. Qf7 Re2 35. Rxd3 Nb4 36. Rd1 Nc2 37. Nc5 Kb6 38. Qc7+ Kb5 39. Qxb7+
Kxc5 40. Rh5+ Kc4 41. Qxa6+ Kb4 42. Qxe2 Nd4 43. Rxd4# 1-0

[Event "LK jeugd t/m 14 jaar"]
[Site "Buggenum"]
[Date "2007.12.29"]
[Round "4"]
[White "Boroday, Vladislav"]
[Black "Bokern, Paul"]
[Result "0-1"]
[WhiteElo "860"]
[BlackElo "1286"]
[PlyCount "58"]
[EventDate "2007.12.28"]
[EventType "tourn"]
[EventRounds "9"]
[EventCountry "NED"]
[Source "P.Boonen"]
[SourceDate "2015.01.01"]

1. f4 d5 2. Nf3 Nc6 3. d4 Bf5 4. e3 Nb4 5. Na3 e6 6. c3 Nc6 7. b4 Nf6 8. Bd3
Ne4 9. Bxe4 Bxe4 10. Rf1 Be7 11. g3 O-O 12. Bd2 a5 13. Qb3 axb4 14. cxb4 Qd6
15. Rb1 Bxb1 16. Nxb1 Nxb4 17. Bxb4 Qxb4+ 18. Qxb4 Bxb4+ 19. Kf2 Rxa2+ 20. Kg1
c5 21. dxc5 Bxc5 22. Nc3 Bxe3+ 23. Kh1 Rc2 24. Nd1 d4 25. Nxe3 dxe3 26. Re1 e2
27. Nd4 Rfc8 28. Nxc2 Rxc2 29. g4 f5 0-1

[Event "LK jeugd t/m 14 jaar"]
[Site "Buggenum"]
[Date "2007.12.29"]
[Round "4"]
[White "Huisman, Brett"]
[Black "Claessen, Remco"]
[Result "0-1"]
[WhiteElo "612"]
[BlackElo "1345"]
[PlyCount "28"]
[EventDate "2007.12.28"]
[EventType "tourn"]
[EventRounds "9"]
[EventCountry "NED"]
[Source "P.Boonen"]
[SourceDate "2015.01.01"]

1. e4 e5 2. Nf3 Nc6 3. Nc3 Nf6 4. Bc4 Bc5 5. d3 d6 6. O-O O-O 7. Bd2 Bg4 8. Qe2
Nd4 9. Qd1 Nxf3+ 10. gxf3 Bh3 11. Re1 Nd7 12. Bb5 Qf6 13. Ne2 Qxf3 14. Bxd7
Bxf2# 0-1

[Event "LK jeugd t/m 14 jaar"]
[Site "Buggenum"]
[Date "2007.12.29"]
[Round "4"]
[White "Suilen, Willem"]
[Black "Leyten, Solange"]
[Result "1-0"]
[WhiteElo "1402"]
[BlackElo "640"]
[PlyCount "55"]
[EventDate "2007.12.28"]
[EventType "tourn"]
[EventRounds "9"]
[EventCountry "NED"]
[Source "P.Boonen"]
[SourceDate "2015.01.01"]

1. e4 e5 2. Nf3 Nc6 3. Bb5 Bb4 4. c3 Bc5 5. O-O f6 6. d4 Bb6 7. Be3 d6 8. d5 a6
9. Ba4 Ba7 10. dxc6 bxc6 11. Bxc6+ Bd7 12. Bxa8 Qxa8 13. Bxa7 Qxa7 14. Nbd2 Ne7
15. Qb3 g6 16. Rac1 Bc6 17. Rfe1 f5 18. exf5 gxf5 19. c4 Ba8 20. c5 dxc5 21.
Rxe5 c6 22. Rce1 Kd8 23. Rxe7 Rf8 24. Rxa7 h5 25. Rxa8+ Kd7 26. Qb7+ Kd6 27.
Qe7+ Kd5 28. Qe5# 1-0

[Event "LK jeugd t/m 14 jaar"]
[Site "Buggenum"]
[Date "2007.12.29"]
[Round "5"]
[White "Broens, Yorick"]
[Black "Suilen, Willem"]
[Result "1-0"]
[WhiteElo "1042"]
[BlackElo "1402"]
[PlyCount "103"]
[EventDate "2007.12.28"]
[EventType "tourn"]
[EventRounds "9"]
[EventCountry "NED"]
[Source "P.Boonen"]
[SourceDate "2015.01.01"]

1. e4 e5 2. Nf3 Nc6 3. Nc3 Nf6 4. d4 exd4 5. Nxd4 Bb4 6. Nxc6 bxc6 7. e5 Qe7 8.
Qe2 Nd5 9. Bd2 Nxc3 10. Bxc3 Bxc3+ 11. bxc3 O-O 12. c4 Qb4+ 13. Qd2 Qxd2+ 14.
Kxd2 Re8 15. Re1 Ba6 16. c5 Bxf1 17. Rhxf1 Rab8 18. Re4 Rb5 19. Rfe1 Rxc5 20.
f4 Rd5+ 21. Kc1 g6 22. c4 Ra5 23. Rd1 f5 24. Red4 Kf7 25. Rxd7+ Re7 26. Kb2 Ke6
27. Rxe7+ Kxe7 28. Kb3 a6 29. a4 c5 30. Rd3 h5 31. h4 Ke8 32. g3 Kf7 33. Ka3
Ke8 34. Rb3 Ke7 35. Rb7 Kd8 36. Rb8+ Ke7 37. Rh8 Ke6 38. Rh7 c6 39. Rc7 g5 40.
hxg5 h4 41. gxh4 Rxa4+ 42. Kxa4 a5 43. Rc8 Kd7 44. Rf8 Ke7 45. Rxf5 Kd7 46. g6
Kc7 47. g7 Kb6 48. g8=Q Ka7 49. Qf7+ Kb6 50. Qe6 Ka7 51. h5 Kb8 52. Qe7 1-0

[Event "LK jeugd t/m 14 jaar"]
[Site "Buggenum"]
[Date "2007.12.29"]
[Round "5"]
[White "Claessen, Remco"]
[Black "Bokern, Paul"]
[Result "1/2-1/2"]
[WhiteElo "1345"]
[BlackElo "1286"]
[PlyCount "70"]
[EventDate "2007.12.28"]
[EventType "tourn"]
[EventRounds "9"]
[EventCountry "NED"]
[Source "P.Boonen"]
[SourceDate "2015.01.01"]

1. e4 e6 2. Bb5 Nc6 3. Nf3 d5 4. exd5 exd5 5. d4 Nf6 6. Bg5 Be7 7. O-O O-O 8.
Re1 Bg4 9. Nbd2 Nxd4 10. Bd3 Re8 11. h3 Bh5 12. c3 Nxf3+ 13. Nxf3 Ne4 14. Bxe4
Bxf3 15. Bxe7 Bxd1 16. Bxd8 Raxd8 17. Bxh7+ Kxh7 18. Rxe8 Rxe8 19. Rxd1 c6 20.
Rd2 Kg6 21. Kf1 Kf5 22. Re2 Rxe2 23. Kxe2 g5 24. Kf3 c5 25. Ke3 g4 26. h4 f6
27. b3 b5 28. g3 a5 29. Kd3 b4 30. c4 d4 31. Kc2 Kg6 32. Kb1 f5 33. Kc2 f4 34.
Kd2 Kf5 35. Ke1 Kg6 1/2-1/2

[Event "LK jeugd t/m 14 jaar"]
[Site "Buggenum"]
[Date "2007.12.29"]
[Round "5"]
[White "Kivits, Thijs"]
[Black "Huisman, Brett"]
[Result "0-1"]
[WhiteElo "614"]
[BlackElo "612"]
[Annotator "Boonen,Piet"]
[PlyCount "57"]
[EventDate "2007.12.28"]
[EventType "tourn"]
[EventRounds "9"]
[EventCountry "NED"]
[Source "P.Boonen"]
[SourceDate "2015.01.01"]

1. e4 e5 2. Nf3 Nc6 3. Nc3 Nf6 4. Bc4 Nxe4 5. Nxe4 d5 6. Bd3 dxe4 7. Bxe4 Bb4
8. a3 Ba5 9. Bd3 O-O 10. Bb5 Bd7 11. Ng5 Qe8 12. Qh5 Bf5 13. g4 Bg6 14. Qh4 a6
15. Bc4 Nd4 16. O-O Nf3+ 17. Nxf3 Bxc2 18. Re1 Qc6 19. Nxe5 Qc5 20. g5 c6 21.
Nd7 Qd6 22. Nxf8 Qxf8 23. d3 b5 24. Bb3 Bxb3 25. Be3 Bxe1 26. f3 Bxh4 27. Kg2
Re8 28. Bd4 Be6 29. Rf1 {Dd7 30. Le3 Lh3+ 31. Kg1 Txe3 32. Tf2 Te1+ 33. Tf1
Txf1#} 0-1

[Event "LK jeugd t/m 14 jaar"]
[Site "Buggenum"]
[Date "2007.12.29"]
[Round "5"]
[White "Leyten, Solange"]
[Black "Bokern, Peter"]
[Result "0-1"]
[WhiteElo "640"]
[BlackElo "1085"]
[PlyCount "72"]
[EventDate "2007.12.28"]
[EventType "tourn"]
[EventRounds "9"]
[EventCountry "NED"]
[Source "P.Boonen"]
[SourceDate "2015.01.01"]

1. d4 Nf6 2. e3 g6 3. e4 Nxe4 4. f3 Nf6 5. Bc4 Bg7 6. Ne2 O-O 7. O-O d5 8. Bd3
Re8 9. g4 e5 10. Ng3 Nc6 11. c3 exd4 12. cxd4 Nxd4 13. h4 Qd6 14. f4 Bxg4 15.
Qd2 Nf3+ 16. Rxf3 Bxf3 17. h5 Ng4 18. hxg6 Qc5+ 19. Kf1 Nh2+ 20. Qxh2 Qxc1+ 21.
Kf2 fxg6 22. Kxf3 Qe3+ 23. Kg2 Qxd3 24. Nc3 Qd2+ 25. Kf3 Qxh2 26. Nd1 Bxb2 27.
Rb1 Bd4 28. Rxb7 Qg1 29. Rb1 Re3+ 30. Nxe3 Qxb1 31. Nxd5 Qd3+ 32. Kg4 h5+ 33.
Kh3 c5 34. Nf6+ Kf7 35. Nh7 Bf2 36. f5 Qxg3# 0-1

[Event "LK jeugd t/m 14 jaar"]
[Site "Buggenum"]
[Date "2007.12.29"]
[Round "6"]
[White "Bokern, Paul"]
[Black "Kivits, Thijs"]
[Result "1-0"]
[WhiteElo "1286"]
[BlackElo "614"]
[PlyCount "93"]
[EventDate "2007.12.28"]
[EventType "tourn"]
[EventRounds "9"]
[EventCountry "NED"]
[Source "P.Boonen"]
[SourceDate "2015.01.01"]

1. e4 e5 2. Nf3 Nc6 3. Bc4 Nf6 4. Ng5 d5 5. exd5 Bg4 6. f3 Bd7 7. dxc6 Be6 8.
cxb7 Rb8 9. Bxe6 fxe6 10. Nxe6 Qe7 11. Nxf8 Rxf8 12. d4 Rxb7 13. dxe5 Qxe5+ 14.
Qe2 Ne4 15. Qxe4 Qxe4+ 16. fxe4 c5 17. Nc3 Re7 18. Bg5 Re5 19. h4 Kf7 20. Rf1+
Ke8 21. Rxf8+ Kxf8 22. O-O-O Kf7 23. Rd7+ Ke6 24. Re7+ Kd6 25. Rxe5 Kxe5 26.
Kd2 Kd4 27. Na4 c4 28. Be3+ Kxe4 29. Bxa7 h6 30. g3 g5 31. hxg5 hxg5 32. b4 Kd5
33. b5 Kd6 34. b6 Kc6 35. Nc5 Kxc5 36. b7+ Kc6 37. b8=Q Kd5 38. Ke3 Ke6 39. Qb5
Kd6 40. Qc5+ Ke6 41. Ke4 c3 42. Qc6+ Kf7 43. Qd6 g4 44. Bd4 Ke8 45. Qc7 Kf8 46.
Qd7 Kg8 47. Qg7# 1-0

[Event "LK jeugd t/m 14 jaar"]
[Site "Buggenum"]
[Date "2007.12.29"]
[Round "6"]
[White "Boroday, Vladislav"]
[Black "Claessen, Remco"]
[Result "0-1"]
[WhiteElo "860"]
[BlackElo "1345"]
[PlyCount "58"]
[EventDate "2007.12.28"]
[EventType "tourn"]
[EventRounds "9"]
[EventCountry "NED"]
[Source "P.Boonen"]
[SourceDate "2015.01.01"]

1. e4 e5 2. Bc4 Bc5 3. Nf3 Nc6 4. O-O d6 5. c3 Bg4 6. d3 Qf6 7. Qd2 h6 8. b4
Bb6 9. a4 a6 10. a5 Ba7 11. Bd5 Bxf3 12. Bxc6+ bxc6 13. g3 Bg4 14. d4 exd4 15.
cxd4 Qxd4 16. Qxd4 Bxd4 17. Ra2 Be6 18. Rc2 c5 19. bxc5 Bxc5 20. e5 Bf5 21. Rc3
Bxb1 22. Re1 Ne7 23. exd6 cxd6 24. Be3 Bb4 25. Rxb1 Bxc3 26. Rb6 O-O 27. Rxd6
Nf5 28. Rd3 Nxe3 29. Rxc3 Nd5 0-1

[Event "LK jeugd t/m 14 jaar"]
[Site "Buggenum"]
[Date "2007.12.29"]
[Round "6"]
[White "Broens, Yorick"]
[Black "Bokern, Peter"]
[Result "1-0"]
[WhiteElo "1042"]
[BlackElo "1085"]
[PlyCount "85"]
[EventDate "2007.12.28"]
[EventType "tourn"]
[EventRounds "9"]
[EventCountry "NED"]
[Source "P.Boonen"]
[SourceDate "2015.01.01"]

1. e4 e5 2. Nf3 Nc6 3. Bc4 Nf6 4. Ng5 d5 5. exd5 Nxd5 6. Nxf7 Ne3 7. dxe3 Qxd1+
8. Kxd1 Bg4+ 9. f3 Bd7 10. Nxh8 O-O-O 11. Nf7 Be6+ 12. Bd2 Bxf7 13. Bxf7 Bc5
14. Ke2 Rd7 15. Be6 Kd8 16. Bxd7 Kxd7 17. Nc3 Nb4 18. Rab1 a5 19. Rhd1 b5 20.
Be1+ Ke6 21. Nxb5 Nxa2 22. Nxc7+ Kf5 23. g4+ Kg5 24. Ne6+ Kf6 25. Nxc5 Kg5 26.
Ra1 Nb4 27. Bxb4 axb4 28. Ra6 b3 29. cxb3 h5 30. Ne6+ Kh4 31. Nxg7 hxg4 32. Re6
g3 33. hxg3+ Kg5 34. Rxe5+ Kf6 35. Re4 Kxg7 36. b4 Kf6 37. b5 Kf5 38. b6 Kg5
39. b7 Kf6 40. b8=Q Kg6 41. Qf8 Kg5 42. Rg4+ Kh5 43. Rh1# 1-0

[Event "LK jeugd t/m 14 jaar"]
[Site "Buggenum"]
[Date "2007.12.29"]
[Round "6"]
[White "Huisman, Brett"]
[Black "Leyten, Solange"]
[Result "1-0"]
[WhiteElo "612"]
[BlackElo "640"]
[PlyCount "69"]
[EventDate "2007.12.28"]
[EventType "tourn"]
[EventRounds "9"]
[EventCountry "NED"]
[Source "P.Boonen"]
[SourceDate "2015.01.01"]

1. e4 e5 2. d4 d6 3. dxe5 dxe5 4. Qxd8+ Kxd8 5. Bg5+ Nf6 6. Nc3 Nc6 7. Rd1+ Bd7
8. Nf3 g6 9. Bxf6+ Ke8 10. Bxh8 Bd6 11. Bf6 Nd4 12. Bxe5 Bxe5 13. Nxe5 Bg4 14.
Rxd4 f6 15. Nxg4 f5 16. exf5 gxf5 17. Nf6+ Kf7 18. Nxh7 Re8+ 19. Be2 b6 20.
Ng5+ Kf6 21. O-O Kxg5 22. h4+ Kf6 23. Nd5+ Ke5 24. Rd3 Rd8 25. Nb4 Rd5 26. Nxd5
c6 27. h5 Ke6 28. Rg3 f4 29. Rg6+ Ke5 30. Bg4 cxd5 31. Re1+ Kd4 32. h6 a5 33.
h7 b5 34. h8=Q+ Kc4 35. Qc3# 1-0

[Event "LK jeugd t/m 14 jaar"]
[Site "Buggenum"]
[Date "2007.12.30"]
[Round "7"]
[White "Broens, Yorick"]
[Black "Huisman, Brett"]
[Result "1-0"]
[WhiteElo "1042"]
[BlackElo "612"]
[PlyCount "33"]
[EventDate "2007.12.28"]
[EventType "tourn"]
[EventRounds "9"]
[EventCountry "NED"]
[Source "P.Boonen"]
[SourceDate "2015.01.01"]

1. d4 e6 2. e4 Bb4+ 3. c3 Be7 4. Nf3 Nf6 5. e5 Nd5 6. Bd3 O-O 7. O-O Nf4 8.
Bxf4 d6 9. Qd2 dxe5 10. Bg5 Bxg5 11. Nxg5 exd4 12. cxd4 Qxd4 13. Bxh7+ Kh8 14.
Qxd4 Nd7 15. Qh4 Nf6 16. Nc3 Nxh7 17. Qxh7# 1-0

[Event "LK jeugd t/m 14 jaar"]
[Site "Buggenum"]
[Date "2007.12.30"]
[Round "7"]
[White "Kivits, Thijs"]
[Black "Boroday, Vladislav"]
[Result "0-1"]
[WhiteElo "614"]
[BlackElo "860"]
[PlyCount "62"]
[EventDate "2007.12.28"]
[EventType "tourn"]
[EventRounds "9"]
[EventCountry "NED"]
[Source "P.Boonen"]
[SourceDate "2015.01.01"]

1. e4 e5 2. Nf3 Nc6 3. Nc3 Bc5 4. Bc4 Nf6 5. d3 Ng4 6. O-O O-O 7. Bg5 Be7 8.
Qc1 d6 9. Nd5 f6 10. Nxf6+ Kh8 11. Nd5 a6 12. Bh6 Nxh6 13. Ng5 Bxg5 14. Qd1 b5
15. Bb3 Bh4 16. f3 Qg5 17. Nxc7 Ra7 18. Re1 Rxc7 19. Bd5 Nd4 20. Kf1 Bh3 21.
Re2 Re8 22. Qd2 Qg6 23. c3 Ne6 24. b3 Nf4 25. Rc1 Bxg2+ 26. Kg1 Bh3+ 27. Kh1
Rf8 28. Rc2 Nxd5 29. exd5 Rxf3 30. Rc1 Rf2 31. Rce1 Qg2# 0-1

[Event "LK jeugd t/m 14 jaar"]
[Site "Buggenum"]
[Date "2007.12.30"]
[Round "7"]
[White "Suilen, Willem"]
[Black "Bokern, Peter"]
[Result "1/2-1/2"]
[WhiteElo "1402"]
[BlackElo "1085"]
[PlyCount "56"]
[EventDate "2007.12.28"]
[EventType "tourn"]
[EventRounds "9"]
[EventCountry "NED"]
[Source "P.Boonen"]
[SourceDate "2015.01.01"]

1. e4 c5 2. Nf3 d6 3. d4 cxd4 4. Nxd4 Nf6 5. Nc3 g6 6. Be3 Bg7 7. f3 O-O 8. Qd2
Nc6 9. Bc4 Bd7 10. O-O-O Rc8 11. Bb3 Ne5 12. h4 Nc4 13. Bxc4 Rxc4 14. h5 Nxh5
15. g4 Nf6 16. Bh6 Nxe4 17. Qe3 Rxc3 18. bxc3 Nf6 19. Bxg7 Kxg7 20. Qh6+ Kh8
21. g5 Nh5 22. Rxh5 gxh5 23. Rh1 Rg8 24. Rxh5 Rg7 25. f4 Qg8 26. Rh2 Rg6 27.
Qh4 Qg7 28. Rg2 f6 1/2-1/2

[Event "LK jeugd t/m 14 jaar"]
[Site "Buggenum"]
[Date "2007.12.30"]
[Round "8"]
[White "Broens, Yorick"]
[Black "Bokern, Paul"]
[Result "1-0"]
[WhiteElo "1042"]
[BlackElo "1286"]
[PlyCount "138"]
[EventDate "2007.12.28"]
[EventType "tourn"]
[EventRounds "9"]
[EventCountry "NED"]
[Source "P.Boonen"]
[SourceDate "2015.01.01"]

1. e4 e5 2. Nf3 Nc6 3. Bc4 Be7 4. Nc3 d6 5. d4 exd4 6. Nxd4 Nxd4 7. Qxd4 Bf6 8.
Qd1 Qe7 9. O-O Bxc3 10. bxc3 Nf6 11. Re1 O-O 12. Bg5 Qe5 13. Bxf6 Qxf6 14. Qf3
Qxf3 15. gxf3 Bh3 16. Bf1 Bxf1 17. Kxf1 Rfe8 18. Rab1 b6 19. f4 c5 20. e5 dxe5
21. fxe5 Rad8 22. Re2 Rd5 23. f4 f6 24. e6 Kf8 25. Rb3 Rd6 26. f5 g6 27. fxg6
hxg6 28. Rg2 g5 29. Ra3 a5 30. Rb3 Rdxe6 31. c4 Re1+ 32. Kf2 R8e2+ 33. Kf3 Rxg2
34. Kxg2 Kg7 35. Kg3 f5 36. Rf3 Kg6 37. h3 Re4 38. Rc3 g4 39. hxg4 Rxg4+ 40.
Kf3 Kg5 41. a3 Kh4 42. Kf2 a4 43. Ke2 f4 44. Rf3 Kg5 45. Kf2 Kf5 46. Ke2 Ke4
47. Rd3 Rg3 48. Rd6 Rg2+ 49. Kd1 Ke3 50. Re6+ Kf2 51. Rxb6 f3 52. Re6 Kg3 53.
Rg6+ Kh2 54. Rf6 f2 55. Ke2 Kg1 56. Kd3 Rg3+ 57. Ke2 Rg2 58. Kd3 f1=Q+ 59.
Rxf1+ Kxf1 60. Ke4 Rg5 61. Kd3 Ke1 62. c3 Kd1 63. Ke4 Kc2 64. Kf4 Rg6 65. Ke4
Kxc3 66. Kd5 Rg4 67. Kxc5 Rxc4+ 68. Kb5 Rh4 69. Ka5 Kb3 1-0